Cruzando Fronteras - Estadísticas

Estadísticas generales
  • Esta prueba ha sido intentada 32 veces
  • La puntuación promedio es 20 de 24
Estadísticas de respuestas
País Dirección País % Correcto
España Oeste Portugal
100%
Uruguay Oeste Argentina
97%
Andorra Norte Francia
93%
Lesoto Cualquier dirección Sudáfrica
93%
Guyana Este Surinam
93%
Kuwait Sur Arabia Saudita
90%
Suecia Este Finlandia
90%
El Salvador Norte Honduras
90%
Ecuador Sur Perú
90%
Kazajistán Norte Rusia
90%
Túnez Oeste Argelia
86%
Irak Este Iran
86%
Mongolia Sur China
83%
Corea del Norte Sur Corea del Sur
83%
Canadá Sur Estados Unidos
83%
Bangladés Norte India
83%
Moldavia Este Ucrania
83%
Republica Checa Oeste Alemania
79%
Bután Sur India
79%
Suiza Sur Italia
79%
Chad Norte Libia
76%
Gambia Cualquier dirección Senegal
76%
Camboya Oeste Tailandia
76%
Togo Oeste Ghana
69%
No se encontraron pruebas coincidentes
Distribución de puntuación
Porcentaje de gente con cada puntuación
Porcentaje por número respondido
Historial de tus puntuaciones
No has intentado esta prueba.